| 000 | 00591nam a2200229Ia 4500 | ||
|---|---|---|---|
| 003 | OSt | ||
| 005 | 20220924125826.0 | ||
| 006 | a|||||r|||| 00| 0 | ||
| 007 | ta | ||
| 008 | PER | ||
| 024 | _a329070 | ||
| 037 | _cTextual | ||
| 040 |
_aARTS _cARTS _bPER |
||
| 041 |
_2PER _aPER |
||
| 082 | _aO164,6NBA,1, M0 | ||
| 100 |
_aParezi Bastani Au. _9198690 |
||
| 245 | 0 | _aAasyai haft sang | |
| 260 |
_aTehran _bIntasharat-e-danish Iran _c1980 |
||
| 650 |
_aPERSIAN PROSE _9997 |
||
| 942 |
_hO164,6NBA,1, M0 _cTEXL _2CC |
||
| 999 |
_c423415 _d423415 |
||